K sydomdźesaćinam prof

Titel: K sydomdźesaćinam prof : K.K. Trofimowiča
Verfasser:
In: Rozhlad, Band 43, Heft 4 (1993), Seite 160-161, il. 1
alle Artikel anzeigen
Veröffentlicht: 1993
Format: Aufsatz
Sprache: Sorbisch
Kein Bild verfügbar
X
alg: 39466575
001A    $01999:12-11-16 
001B    $01999:01-06-17 $t17:59:02.000 
001D    $01999:12-11-16 
001U    $0utf8 
001X    $00 
002@    $0Aox 
003@    $0394665759 
007A    $0394665759 $aHEB 
007T    $0Herdww010112 
010@    $awen 
011@    $a1993 
021A    $aK sydomdźesaćinam prof $dK.K. Trofimowiča 
028A    $aJenč $dHelmut 
031A    $d43 $e4 $h160-161, il. 1 $j1993 
039B    $aIn $8--Abvc--. Rozhlad. - Bautzen : Domowina, 1950-. - ISSN 0557-4250 $x199300000430004840 $9047452528 

lok: 39466575 78

exp: 39466575 78 1 #EPN
201B/01 $012-12-17 $t11:24:14.000 
201U/01 $0utf8 
203@/01 $0790776243 
208@/01 $a12-11-16 $be 
209A/01 $a/ $f000 $x00 
220C/01 $aTitelaufnehmer: TJ 
220C/01 $aHerkunft: IH UWr 
244Z/01 $2Trx $#Silesia $#Śląsk $#Sliezsko $#Slezsko $8--Trx--Schlesien $x01 $9391173987 
244Z/01 $#Lemberg $#Leontopolis $#Leopolis $#Leopoli $#Léopol $#Lwów $#Lwow $#L'vov $#Lwiw $#L'viv $#Lʹviv vor 1919 $#Lviv $#Lvovas $#Львів $74035304-7 $8--Tg1--Lemberg $x02 $9085095230 
244Z/01 $aGeschichte 1923-1993 $x03 
244Z/01 $aTrofimowič Konstantin Konstantinowič $x04 
244Z/01 $2Trx $#sorabistika $#sorbistika $#Sorbian studies $#szorb tanulmányok $#sorabistyka $#sorabistika $#sorabistika $8--Trx--Sorabistik $x05 $9391358502 
244Z/01 $2Trx $#keeleteadus $#kalbotyra $#Linguistics $#nyelvtudomány $#językoznawstwo $#jazykoveda $#jazykověda $#Linguistik $#lingvistika $8--Trx--Sprachwissenschaft $x06 $939137124X 
244Z/01 $2Trx $8--Trx--Zeitschriftenaufsatz $x07 $9391384341 
247C/01 $82080>Marburg/Lahn, Herder-Institut, Forschungsbibliothek, Bibliographieportal $9336309341
LEADER 00000caa a22000002c 4500
001 394665759
003 DE-603
005 20170601175902.0
007 tu
008 161112s1993 xx |||| | u00||u|wen c
035 |a (DE-599)HEB394665759 
040 |a DE-603  |b ger  |c DE-603  |d DE-603 
041 |a wen 
100 1 |a Jenč, Helmut 
245 0 0 |a K sydomdźesaćinam prof  |b K.K. Trofimowiča 
264 0 |c 1993 
773 0 8 |i In  |t Rozhlad  |d Bautzen : Domowina, 1950-  |h 24 cm  |x 0557-4250  |g Band 43, Heft 4 (1993), Seite 160-161, il. 1  |w (DE-603)047452528  |w (DE-600)280835-3 
924 0 |9 2080  |a (DE-603)790776243  |b DE-2080  |c HES  |d d  |g /